Reflections of a Microvascular Plastic Surgeon (Record no. 43798)

MARC details
001 - CONTROL NUMBER
control field 000
003 - CONTROL NUMBER IDENTIFIER
control field 000
005 - DATE AND TIME OF LATEST TRANSACTION
control field 20251015143051.0
020 ## - INTERNATIONAL STANDARD BOOK NUMBER
International Standard Book Number 9781032817422
040 ## - CATALOGING SOURCE
Description conventions rda
050 ## - LIBRARY OF CONGRESS CALL NUMBER
Classification number RD 118 .D45
100 ## - MAIN ENTRY--PERSONAL NAME
Personal name Deleyiannis, Frederic White-Brown
245 ## - TITLE STATEMENT
Title Reflections of a Microvascular Plastic Surgeon
Remainder of title Reconstructing shattered lives
Statement of responsibility, etc Frederic White-Brown Deleyiannis
264 ## - PUBLICATION, DISTRIBUTION, ETC. (IMPRINT)
Place of publication, distribution, etc Boca Raton
Name of publisher, distributor, etc CRC Press
Date of publication, distribution, etc 2025
300 ## - PHYSICAL DESCRIPTION
Extent xii, 155p. ill.
336 ## - CONTENT TYPE
Source rdacontent
338 ## - CARRIER TYPE
Source rdacarrier
504 ## - BIBLIOGRAPHY, ETC. NOTE
Bibliography, etc Includes bibliographical references and index
650 ## - SUBJECT ADDED ENTRY--TOPICAL TERM
Source of heading or term Reconstructive surgery.
Topical term or geographic name as entry element Microsurgery
Form subdivision Plastic surgery.
942 ## - ADDED ENTRY ELEMENTS (KOHA)
Source of classification or shelving scheme Library of Congress Classification
Koha item type Books
Holdings
Withdrawn status Lost status Source of classification or shelving scheme Damaged status Not for loan Permanent Location Current Location Date acquired Total Checkouts Full call number Barcode Date last seen Price effective from Koha item type
    Library of Congress Classification     NILE UNIVERSITY OF NIGERIA - MAIN LIBRARY NILE UNIVERSITY OF NIGERIA - MAIN LIBRARY 10/15/2025   RD 118 .D45 2025 0199209 10/15/2025 10/15/2025 Books
    Library of Congress Classification     NILE UNIVERSITY OF NIGERIA - MAIN LIBRARY NILE UNIVERSITY OF NIGERIA - MAIN LIBRARY 10/15/2025   RD 118 .D45 2025 0199210 10/15/2025 10/15/2025 Books